[Event "Amber 2007 Blindfold"]
[Site "Monte Carlo MNC"]
[Date "2007.03.28"]
[Round "10"]
[White "Van Wely, L."]
[Black "Vallejo Pons, F."]
[Result "1-0"]
[WhiteElo "2683"]
[BlackElo "2679"]
[PlyCount "75"]
[EventDate "2007.03.17"]
[Source "www.chesslib.no"]
[SourceDate "2004.05.04"]

1. d4 d6 2. Nf3 g6 3. c4 Bg7 4. e4 Bg4 5. Be2 Nc6 6. Be3 Bxf3 7. Bxf3 e5 8. d5 Nd4 9. Bxd4 exd4 10. O-O c5 11. dxc6 bxc6 12. e5 Ne7 13. exd6 Qxd6 14. Nd2 d3 15. Ne4 Qd4 16. Qd2 O-O 17. Rad1 Rad8 18. b3 h6 19. Rfe1 f5 20. Ng5 hxg5 21. Rxe7 Bf6 22. Re3 Qc5 23. Re6 Rd4 24. Rxc6 Qe5 25. Bd5+ Kg7 26. Re6 Qb8 27. Qe3 f4 28. Re7+ Bxe7 29. Qxd4+ Bf6 30. Qxd3 g4 31. c5 Qe5 32. Qe4 Qh5 33. Be6 g3 34. Rd7+ Kh8 35. hxg3 fxg3 36. fxg3 Qxc5+ 37. Kh2 Qh5+ 38. Bh3 1-0

[Event "XXI Carlos Torre KO"]
[Site "Merida MES"]
[Date "2008.12.19"]
[Round "3.5"]
[White "Ehlvest, J."]
[Black "Harikrishna, P."]
[Result "1-0"]
[WhiteElo "2581"]
[BlackElo "2659"]
[PlyCount "52"]
[EventDate "2008.12.17"]
[Source "www.chesslib.no"]
[SourceDate "2004.05.04"]

1. e4 g6 2. d4 Bg7 3. Nf3 d6 4. c4 Bg4 5. Be2 Nc6 6. Be3 Bxf3 7. Bxf3 e5 8. d5 Nd4 9. Nc3 Ne7 10. h4 h5 11. g3 c5 12. dxc6 bxc6 13. O-O O-O 14. Bg2 c5 15. Bh3 Rb8 16. Rb1 Kh7 17. b3 Qe8 18. Bg2 f5 19. f4 exf4 20. Bxf4 Ne6 21. Bd2 fxe4 22. Nxe4 Nf5 23. Qe2 Kh8 24. Rbe1 Be5 25. Qd3 Qe7 26. Bh3 Qg7 1-0

[Event "Calvia (ol)"]
[Site "?"]
[Date "2004.??.??"]
[Round "?"]
[White "Atalik, S."]
[Black "Vallejo Pons, F."]
[Result "0-1"]
[WhiteElo "2540"]
[BlackElo "2675"]
[PlyCount "68"]
[EventDate "2004.??.??"]
[Source "Chess Informant"]
[SourceDate "2004.10.01"]

1. d4 d6 2. Nf3 g6 3. c4 Bg7 4. e4 Bg4 5. Be2 Nc6 6. Be3 Bxf3 7. Bxf3 e5 8. d5 Nd4 9. Bxd4 exd4 10. Nd2 Ne7 11. O-O O-O 12. Be2 c5 13. f4 f5 14. Bd3 fxe4 15. Nxe4 Nf5 16. Qg4 Qe7 17. Rf3 b5 18. b3 bxc4 19. bxc4 Ne3 20. Qe6+ Qxe6 21. dxe6 Rfe8 22. Nxd6 Rxe6 23. Ne4 Bf8 24. Ng3 Rb8 25. f5 Ra6 26. fxg6 hxg6 27. Nf1 Bh6 28. Nxe3 dxe3 29. Be4 Re8 30. Bd5+ Kh8 31. Rh3 e2 32. Kf2 Rxa2 33. Re1 Kg7 34. Kf3 Rf8+ 0-1

[Event "It (Open) Nova Gorica SLO"]
[Site "?"]
[Date "2006.01.28"]
[Round "4"]
[White "Epishin Vladimir"]
[Black "Azmaiparashvili Zurab"]
[Result "1/2-1/2"]
[WhiteElo "2553"]
[BlackElo "2658"]
[PlyCount "69"]
[EventDate "2006.??.??"]
[Source "www.chesslib.no"]
[SourceDate "2004.05.04"]

1. d4 d6 2. Nf3 g6 3. c4 Bg7 4. e4 Bg4 5. Be2 Nc6 6. Be3 e5 7. d5 Bxf3 8. Bxf3 Nd4 9. Bxd4 exd4 10. Nd2 Ne7 11. Be2 f5 12. exf5 Nxf5 13. Qa4+ Qd7 14. Qxd7+ Kxd7 15. Bd3 Rae8+ 16. Kf1 Nh6 17. Nf3 Nf7 18. Rd1 Rhf8 19. b3 c6 20. h4 Ne5 21. Be2 Nxf3 22. Bxf3 Rf4 23. Rh3 Be5 24. Rd3 Ref8 25. h5 g5 26. Rg3 h6 27. Rg4 Bg7 28. Rd1 Re8 29. Re1 Rxe1+ 30. Kxe1 d3 31. Kd2 Bd4 32. Kxd3 Bxf2 33. dxc6+ bxc6 34. Rxf4 gxf4 35. Ke4 1/2-1/2

[Event "Europa ch 2008"]
[Site "Plovdiv BUL"]
[Date "2008.04.24"]
[Round "4.40"]
[White "Wojtaszek, Radoslaw"]
[Black "Jovanovic, Zoran"]
[Result "1/2-1/2"]
[WhiteElo "2625"]
[BlackElo "2546"]
[PlyCount "63"]
[EventDate "2008.04.21"]
[Source "www.chesslib.no"]
[SourceDate "2004.05.04"]

1. d4 d6 2. Nf3 g6 3. c4 Bg7 4. e4 Bg4 5. Be2 Bxf3 6. Bxf3 Nc6 7. Be3 e5 8. d5 Nd4 9. O-O c5 10. dxc6 bxc6 11. Bxd4 exd4 12. Nd2 Ne7 13. c5 dxc5 14. Nc4 d3 15. e5 O-O 16. Be4 Qd4 17. Qxd3 Bxe5 18. Qe2 Bg7 19. Rad1 Qf6 20. Rd6 Qg5 21. f4 Qh6 22. g3 Rad8 23. Rxd8 Rxd8 24. Kg2 Bd4 25. Bf3 Qf8 26. Re1 Nd5 27. Kh1 Rd7 28. Qe8 Qxe8 29. Rxe8+ Kg7 30. b3 Re7 31. Rxe7 Nxe7 32. Kg2 1/2-1/2

[Event "Philadelphia 74/60"]
[Site "?"]
[Date "1998.??.??"]
[Round "?"]
[White "Epishin, Vladimir"]
[Black "Gulko, Boris F"]
[Result "1-0"]
[WhiteElo "2585"]
[BlackElo "2585"]
[PlyCount "67"]
[EventDate "1998.??.??"]
[Source "ChessBase"]
[SourceDate "1998.10.01"]

1. d4 d6 2. Nf3 g6 3. c4 Bg7 4. e4 Bg4 5. Be2 Nc6 6. Be3 e5 7. d5 Bxf3 8. Bxf3 Nd4 9. Bxd4 exd4 10. Nd2 Ne7 11. Be2 O-O 12. O-O c6 13. Nf3 Qb6 14. Qd2 f5 15. Bd3 fxe4 16. Bxe4 cxd5 17. cxd5 Rac8 18. Qe2 Bf6 19. Ne1 Bg7 20. Nd3 Rce8 21. Rfe1 Qb5 22. g3 Nxd5 23. Nf4 Nc7 24. Qxb5 Nxb5 25. Ne6 Rxe6 26. Bd5 Kh8 27. Rxe6 d3 28. Rd1 Bd4 29. Rxd3 Bxf2+ 30. Kg2 Nd4 31. Re4 Nc2 32. Rf3 Ne1+ 33. Rxe1 Rxf3 34. Re8+ 1-0

[Event "6th Gibtelecom Masters"]
[Site "Gibraltar ENG"]
[Date "2008.01.26"]
[Round "5"]
[White "Socko, M."]
[Black "Bologan, V."]
[Result "0-1"]
[WhiteElo "2479"]
[BlackElo "2663"]
[PlyCount "58"]
[EventDate "2008.01.22"]
[Source "www.chesslib.no"]
[SourceDate "2004.05.04"]

1. d4 d6 2. Nf3 g6 3. c4 Bg7 4. e4 Bg4 5. d5 Nf6 6. Nc3 Na6 7. Be2 Nc5 8. Qc2 c6 9. O-O cxd5 10. exd5 Bf5 11. Qd1 Nfe4 12. Nxe4 Bxe4 13. Nd2 Bf5 14. Nb3 O-O 15. Nd4 Bd7 16. b3 Qb6 17. Be3 f5 18. f3 f4 19. Bf2 a5 20. Rb1 g5 21. Re1 g4 22. Bf1 g3 23. hxg3 fxg3 24. Bxg3 e5 25. b4 axb4 26. Nc2 Ne4+ 27. Kh2 Nxg3 28. Kxg3 Bh6 29. Re4 Qg1 0-1

[Event "TCh-BEL 2003-4"]
[Site "Belgium"]
[Date "2004.01.18"]
[Round "7"]
[White "Chuchelov, Vladimir"]
[Black "Jaracz, Pawel"]
[Result "1/2-1/2"]
[WhiteElo "2593"]
[BlackElo "2540"]
[PlyCount "63"]
[EventDate "2004.01.01"]
[Source "Roberto Alvarez"]
[SourceDate "2004.02.09"]

1. Nf3 g6 2. e4 Bg7 3. d4 d6 4. c4 Bg4 5. Be2 c5 6. d5 e6 7. dxe6 Bxe6 8. Nc3 Nc6 9. O-O a6 10. Bf4 Nd4 11. Nxd4 cxd4 12. Na4 Rc8 13. Rc1 Ne7 14. Qd2 Bd7 15. Qb4 Bxa4 16. Qxa4+ Nc6 17. c5 Be5 18. Bxe5 dxe5 19. Bc4 O-O 20. Bd5 Qc7 21. b4 Kg7 22. Qb3 Rcd8 23. g3 f5 24. f3 Rf6 25. a3 h5 26. Rc2 f4 27. Rg2 fxg3 28. hxg3 Rdf8 29. Rh2 Qe7 30. Qd3 Nd8 31. Rhf2 h4 32. g4 1/2-1/2

[Event "Groningen"]
[Site "?"]
[Date "1993.??.??"]
[Round "?"]
[White "Polgar, Zs"]
[Black "Wolff, P."]
[Result "0-1"]
[WhiteElo "2545"]
[BlackElo "2585"]
[PlyCount "52"]
[EventDate "1993.??.??"]
[Source "ChessBase"]
[SourceDate "1993.10.01"]

1. Nf3 g6 2. e4 d6 3. c4 Bg7 4. d4 Bg4 5. Be2 Bxf3 6. Bxf3 Nc6 7. Be3 e5 8. dxe5 dxe5 9. Nc3 Nd4 10. c5 c6 11. a3 Qe7 12. b4 Nf6 13. O-O O-O 14. Ra2 a5 15. Bxd4 axb4 16. axb4 Rxa2 17. Nxa2 Rd8 18. Qb3 Rxd4 19. Re1 Bh6 20. h3 Qd7 21. b5 cxb5 22. Be2 b4 23. Bc4 Nxe4 24. c6 bxc6 25. Qxb4 Kg7 26. Re2 Qf5 0-1

[Event "Abu Dhabi (14eme open)"]
[Site "?"]
[Date "2005.08.20"]
[Round "6"]
[White "Gleizerov Evgeny"]
[Black "Iuldachev Saidali"]
[Result "1/2-1/2"]
[WhiteElo "2572"]
[BlackElo "2541"]
[PlyCount "82"]
[EventDate "2005.??.??"]
[Source "www.chesslib.no"]
[SourceDate "2004.05.04"]

1. d4 d6 2. Nf3 g6 3. c4 Bg7 4. e4 Bg4 5. Be2 Bxf3 6. Bxf3 Nc6 7. Be3 e5 8. d5 Nd4 9. Bxd4 exd4 10. Na3 c5 11. dxc6 bxc6 12. Qa4 Ne7 13. O-O O-O 14. c5 f5 15. cxd6 Qxd6 16. Nc4 Qc7 17. Rfe1 fxe4 18. Rxe4 Rab8 19. Rae1 Nf5 20. Qa3 d3 21. Qxd3 Bxb2 22. Nxb2 Rxb2 23. Bd1 Qd6 24. Bb3+ Kh8 25. Qc3+ Qf6 26. Qxf6+ Rxf6 27. Ra4 Kg7 28. Rxa7+ Kh6 29. Rd7 c5 30. Bg8 Ng7 31. f3 Rf8 32. Bc4 Nf5 33. Re4 Rfb8 34. h4 R8b4 35. Bg8 Rb7 36. Rxb7 Rxb7 37. Kh2 Nd6 38. Ra4 Rc7 39. Bc4 Kg7 40. Kg1 Kf6 41. Kf2 Ke5 1/2-1/2

[Event "Campionato europeo 2007"]
[Site "Dresda GER"]
[Date "2007.04.12"]
[Round "9.72"]
[White "Nyback, Tomi"]
[Black "Dgebuadze, Alexandre"]
[Result "1-0"]
[WhiteElo "2585"]
[BlackElo "2506"]
[PlyCount "133"]
[EventDate "2007.04.03"]
[Source "www.chesslib.no"]
[SourceDate "2004.05.04"]

1. Nf3 d6 2. d4 g6 3. c4 Bg7 4. e4 Bg4 5. Be2 Nc6 6. Be3 Bxf3 7. Bxf3 e5 8. d5 Nd4 9. Bxd4 exd4 10. Nd2 Ne7 11. O-O c6 12. Nb3 Qb6 13. Qd2 O-O 14. Rfd1 c5 15. Nc1 Qa6 16. Qd3 Nc8 17. b3 Qa3 18. Rb1 a6 19. b4 Qxd3 20. Nxd3 b5 21. Nb2 Nb6 22. bxc5 dxc5 23. Rdc1 Bh6 24. Rc2 bxc4 25. Nxc4 Na4 26. Rb3 Rab8 27. Kf1 Rb4 28. Rxb4 cxb4 29. Ke2 Bg7 30. e5 Nc5 31. Rd2 d3+ 32. Rxd3 Nxd3 33. Kxd3 Rc8 34. Bg4 Rxc4 35. Kxc4 Bxe5 36. Kxb4 Kf8 37. Be2 Bxh2 38. Bxa6 Ke7 39. Kc5 Bg1 40. d6+ Kd8 41. Bc4 Bxf2+ 42. Kc6 f6 43. Bg8 h6 44. Bf7 g5 45. g4 Be1 46. a4 Bd2 47. Be6 Be1 48. Bf5 Bd2 49. Kd5 Be1 50. Ke6 Bb4 51. Bd3 Bc3 52. Bc4 Bb4 53. Bb5 Bc3 54. d7 Ba5 55. Kxf6 Bc7 56. Ke6 Ba5 57. Kd6 Bd2 58. Bd3 Be1 59. Bf5 Bd2 60. Kc6 Bc3 61. Kb5 Kc7 62. a5 Bd2 63. a6 Be3 64. Kc4 Bg1 65. Kd5 Bf2 66. Ke6 Bc5 67. a7 1-0

[Event "Mind Sports Games - Blitz Pair"]
[Site "Pechino CINA"]
[Date "2008.10.08"]
[Round "2"]
[White "Nyback, T."]
[Black "Kakageldyev, A."]
[Result "1-0"]
[WhiteElo "2634"]
[BlackElo "2449"]
[PlyCount "59"]
[EventDate "2008.10.08"]
[Source "www.chesslib.no"]
[SourceDate "2004.05.04"]

1. Nf3 g6 2. c4 Bg7 3. e4 d6 4. d4 Bg4 5. Be2 Nc6 6. Be3 e5 7. d5 Bxf3 8. Bxf3 Nd4 9. Bxd4 exd4 10. O-O Ne7 11. Nd2 c5 12. Nb3 O-O 13. Qd3 a6 14. g3 Rb8 15. a4 b6 16. Bg2 Qd7 17. Nd2 b5 18. b3 Rb7 19. f4 Rfb8 20. axb5 axb5 21. Rae1 bxc4 22. bxc4 Rb2 23. e5 Nf5 24. Bh3 Ra2 25. Nf3 Rbb2 26. Ra1 Qa4 27. Rxa2 Qxa2 28. Bxf5 Rb3 29. Qe4 gxf5 30. Qxf5 1-0

[Event "UTD GM Invitational"]
[Site "Richardson USA"]
[Date "2007.12.07"]
[Round "2"]
[White "Bartholomew, J."]
[Black "Izoria, Z."]
[Result "1/2-1/2"]
[WhiteElo "2435"]
[BlackElo "2643"]
[PlyCount "63"]
[EventDate "2007.12.06"]
[Source "www.chesslib.no"]
[SourceDate "2004.05.04"]

1. Nf3 d6 2. d4 g6 3. c4 Bg7 4. e4 Bg4 5. Be2 c5 6. d5 e6 7. O-O exd5 8. cxd5 Bxf3 9. Bxf3 Nd7 10. Nc3 a6 11. a4 Ne7 12. Bg5 h6 13. Bh4 O-O 14. Be2 f5 15. exf5 g5 16. Bg3 Nxf5 17. Bg4 Ne5 18. Bxf5 Rxf5 19. Qc2 Qd7 20. Ne4 Raf8 21. Rab1 b5 22. axb5 axb5 23. Qe2 c4 24. b3 cxb3 25. Rxb3 Nc4 26. Rfb1 Rxd5 27. Rxb5 Rxb5 28. Qxc4+ d5 29. Qxb5 Qxb5 30. Rxb5 dxe4 31. Rb4 Re8 32. h4 1/2-1/2

[Event "VIII Open"]
[Site "Tarragona SPA"]
[Date "2007.08.24"]
[Round "7"]
[White "Peralta, Fe"]
[Black "Oratovsky, M."]
[Result "1/2-1/2"]
[WhiteElo "2546"]
[BlackElo "2525"]
[PlyCount "46"]
[EventDate "2007.08.18"]
[Source "www.chesslib.no"]
[SourceDate "2004.05.04"]

1. d4 d6 2. Nf3 g6 3. c4 Bg7 4. e4 Bg4 5. Be2 Nc6 6. Be3 Bxf3 7. Bxf3 e5 8. d5 Nd4 9. Bxd4 exd4 10. O-O c5 11. Nd2 Nf6 12. Be2 Qe7 13. Bd3 h5 14. a3 O-O 15. Qc2 Bh6 16. Rae1 Rae8 17. b4 b6 18. Nb3 Qc7 19. Qd1 Re7 20. b5 Rfe8 21. f3 Be3+ 22. Kh1 h4 23. g3 Re5 1/2-1/2

[Event "Acropolis IM Open"]
[Site "Athens"]
[Date "2004.11.22"]
[Round "7"]
[White "Gershon, Alik"]
[Black "Nikolaidis, Ioannis"]
[Result "1/2-1/2"]
[WhiteElo "2524"]
[BlackElo "2527"]
[PlyCount "107"]
[EventDate "2004.11.16"]
[Source "Roberto Alvarez"]
[SourceDate "2004.11.29"]

1. d4 g6 2. c4 Bg7 3. e4 d6 4. Nf3 Bg4 5. Be2 Bxf3 6. Bxf3 Nc6 7. Be3 e5 8. d5 Nd4 9. Bxd4 exd4 10. Nd2 Ne7 11. O-O O-O 12. b4 a5 13. b5 a4 14. Rb1 Nc8 15. g3 Nb6 16. Bg2 Nd7 17. Nf3 Ne5 18. Rb4 Nxf3+ 19. Bxf3 a3 20. Qd3 Ra5 21. Rfb1 b6 22. R4b3 Qd7 23. Bg2 Re8 24. f4 Qc8 25. Re1 Ra4 26. Re2 Qb8 27. Bh3 Re7 28. Rxa3 Qa8 29. Rxa4 Qxa4 30. Bc8 Qa8 31. Bg4 Qa5 32. Kf2 Qb4 33. Bc8 Re8 34. Bb7 Re7 35. Kf3 Kf8 36. Bc6 h6 37. h4 h5 38. g4 hxg4+ 39. Kxg4 Qc3 40. Qxc3 dxc3 41. Kf3 f5 42. exf5 gxf5 43. Rxe7 Kxe7 44. Ke3 Bh6 45. Kd3 Bxf4 46. Kxc3 Be3 47. Kd3 Bc5 48. a4 Kf6 49. Ke2 Bb4 50. Kf3 Be1 51. h5 Kg5 52. Be8 Bb4 53. Bg6 Bc5 54. Be8 1/2-1/2

[Event "Tch (Men) 2005/2006 FRA"]
[Site "?"]
[Date "2006.03.31"]
[Round "5"]
[White "Schenk Andreas"]
[Black "Degraeve Jean Marc"]
[Result "1/2-1/2"]
[WhiteElo "2495"]
[BlackElo "2553"]
[PlyCount "45"]
[EventDate "2006.??.??"]
[Source "www.chesslib.no"]
[SourceDate "2004.05.04"]

1. d4 d6 2. Nf3 g6 3. c4 Bg7 4. e4 Bg4 5. Be2 Nc6 6. Be3 e5 7. d5 Bxf3 8. Bxf3 Nd4 9. Nd2 Ne7 10. Nb3 Nxf3+ 11. Qxf3 c5 12. Qe2 O-O 13. Nd2 f5 14. f3 Kh8 15. g4 Qd7 16. O-O Ng8 17. Qg2 Qe7 18. g5 f4 19. Bf2 Qd7 20. h4 Ne7 21. Kh2 h6 22. gxh6 Bxh6 23. Qh3 1/2-1/2

[Event "Bucharest"]
[Site "Bucharest"]
[Date "1993.??.??"]
[Round "?"]
[White "Neverov, Valeriy"]
[Black "Nevednichy, Vladislav"]
[Result "1/2-1/2"]
[WhiteElo "2550"]
[BlackElo "2495"]
[PlyCount "40"]
[EventDate "1993.02.??"]
[Source "ChessBase"]

1. d4 d6 2. Nf3 g6 3. c4 Bg7 4. e4 Bg4 5. Be2 Nc6 6. Be3 e5 7. d5 Bxf3 8. Bxf3 Nd4 9. Nc3 c5 10. dxc6 bxc6 11. O-O Rb8 12. c5 Ne7 13. cxd6 Qxd6 14. Na4 O-O 15. b3 Rfd8 16. Be2 Qf6 17. Bxd4 Rxd4 18. Qc2 Rbd8 19. Rad1 h5 20. g3 Bh6 1/2-1/2

[Event "17th Open, Geneva SUI"]
[Site "?"]
[Date "2001.??.??"]
[Round "2"]
[White "Tukmakov, V."]
[Black "Zueger, B."]
[Result "1/2-1/2"]
[WhiteElo "2595"]
[BlackElo "2445"]
[PlyCount "43"]
[EventDate "2001.??.??"]
[Source "www.chesslib.no"]
[SourceDate "2004.05.04"]

1. Nf3 g6 2. c4 Bg7 3. e4 d6 4. d4 Bg4 5. Be2 Bxf3 6. Bxf3 Nc6 7. Be3 e5 8. d5 Nd4 9. Bxd4 exd4 10. Nd2 Nf6 11. Nb3 O-O 12. O-O Nd7 13. Nxd4 Qf6 14. Nb5 Qxb2 15. Rb1 Qe5 16. Nxc7 Rab8 17. Nb5 a6 18. Na3 Nc5 19. Re1 Rfe8 20. g3 Re7 21. Re3 Bh6 22. Re1 1/2-1/2

[Event "6. Open"]
[Site "?"]
[Date "2005.08.28"]
[Round "9"]
[White "Krivoshey Sergei"]
[Black "Dzhumaev Marat"]
[Result "1-0"]
[WhiteElo "2500"]
[BlackElo "2531"]
[PlyCount "171"]
[EventDate "2005.??.??"]
[Source "www.chesslib.no"]
[SourceDate "2004.05.04"]

1. d4 g6 2. c4 Bg7 3. Nf3 d6 4. e4 Bg4 5. Be2 c5 6. d5 Nd7 7. O-O Ngf6 8. Nc3 O-O 9. h3 Bxf3 10. Bxf3 a6 11. a4 Re8 12. Bf4 Qb6 13. Qc2 e6 14. Rfe1 exd5 15. cxd5 Qc7 16. a5 Ne5 17. Be2 Nfd7 18. Be3 c4 19. Na4 Rac8 20. Rec1 Qd8 21. Qd2 Qh4 22. f3 Qe7 23. Rc2 f5 24. Bg5 Bf6 25. Bxf6 Qxf6 26. exf5 gxf5 27. Rac1 Qh4 28. f4 Ng6 29. Rxc4 Rxc4 30. Rxc4 Nf6 31. Nc3 h5 32. Bf1 Qg3 33. Qf2 h4 34. Rd4 Re3 35. Qxg3 hxg3 36. Rd1 Re7 37. Bd3 Nh4 38. Be2 Ne4 39. Nxe4 Rxe4 40. Bf1 Rxf4 41. Rd3 Rb4 42. Rxg3+ Kf7 43. b3 f4 44. Rg4 Ng6 45. Bc4 Kf6 46. h4 Kf5 47. h5 Ne5 48. Rg7 Kf6 49. Rg8 Nxc4 50. bxc4 Rxc4 51. Rd8 Ke5 52. Rd7 Rc8 53. h6 Kxd5 54. Rxb7 Rh8 55. h7 Kc6 56. Rg7 Kd5 57. Re7 Kc6 58. Kf2 d5 59. Re6+ Kb5 60. Rh6 d4 61. Ke2 Kc4 62. Kd2 Kd5 63. Kd3 Ke5 64. Rh5+ Kf6 65. Kxd4 Kg6 66. Rh4 Kg5 67. Rh1 Kg4 68. Ke5 Kg5 69. Rh2 Re8+ 70. Kd6 Rh8 71. Ke6 Kg6 72. Rh3 Kg7 73. Ke5 f3 74. gxf3 Re8+ 75. Kd5 Kh8 76. Rh6 Rf8 77. Rxa6 Rxf3 78. Re6 Ra3 79. a6 Ra5+ 80. Kc4 Kxh7 81. Kb4 Ra1 82. Kb5 Rb1+ 83. Kc6 Kg7 84. a7 Ra1 85. Kb7 Kf7 86. Rb6 1-0

[Event "Mitropa cup 2003"]
[Site "Pula"]
[Date "2003.05.20"]
[Round "4.17"]
[White "Likavsky, Tomas"]
[Black "Navara, David"]
[Result "0-1"]
[WhiteElo "2453"]
[BlackElo "2576"]
[PlyCount "144"]
[EventDate "2003.05.17"]
[Source "Roberto Alvarez"]
[SourceDate "2003.05.19"]

1. Nf3 g6 2. e4 Bg7 3. d4 d6 4. c4 Bg4 5. Be2 Nc6 6. Be3 e5 7. d5 Bxf3 8. Bxf3 Nd4 9. Bxd4 exd4 10. Nd2 Ne7 11. O-O O-O 12. b4 a5 13. b5 Nc8 14. Nb3 Nb6 15. Rc1 Qf6 16. c5 Na4 17. cxd6 Nc3 18. Rxc3 dxc3 19. dxc7 Qd6 20. Bg4 Qxc7 21. Qd3 Rad8 22. g3 a4 23. Na1 Qc5 24. Rd1 Bh6 25. Nc2 Bd2 26. Bf3 Rde8 27. Nd4 Rc8 28. Kg2 Qc4 29. Qxc4 Rxc4 30. Nc2 Re8 31. Rb1 b6 32. Kf1 Rcxe4 33. Bxe4 Rxe4 34. Rb4 Rxb4 35. Nxb4 Kf8 36. Ke2 Ke7 37. Kd3 Kd6 38. Kd4 Be1 39. f3 h5 40. Nc2 Bf2+ 41. Kxc3 Bg1 42. h3 Kxd5 43. Kb4 Bc5+ 44. Kxa4 Kc4 45. g4 h4 46. f4 Kd3 47. Kb3 Ke4 48. Kc4 Kxf4 49. a4 Bf2 50. Kd3 Kg3 51. Ke2 Bc5 52. Ne3 Kxh3 53. Kf3 g5 54. Nd1 Kh2 55. Nf2 Bd4 56. Ne4 f6 57. Nf2 Kg1 58. Ne4 Be5 59. Nf2 Kf1 60. Ne4 Ke1 61. Ke3 h3 62. Kf3 h2 63. Kg2 Kd1 64. a5 bxa5 65. Nc5 Bd6 66. Ne4 Bf4 67. b6 Kc2 68. Nc5 Kc3 69. b7 Kc4 70. Nd7 a4 71. b8=Q Bxb8 72. Nxb8 a3 0-1

[Event "Hastings 7980"]
[Site "Hastings"]
[Date "1979.??.??"]
[Round "7"]
[White "Biyiasas, Peter"]
[Black "Stean, Michael"]
[Result "1-0"]
[WhiteElo "2485"]
[BlackElo "2540"]
[PlyCount "101"]
[EventDate "1979.12.??"]
[Source "ChessBase"]

1. Nf3 g6 2. e4 d6 3. c4 Bg7 4. d4 Bg4 5. Be2 Nc6 6. Nbd2 e5 7. d5 Nce7 8. O-O Bd7 9. b4 f5 10. Ng5 Nf6 11. Bb2 O-O 12. f3 Bh6 13. h4 Nh5 14. f4 Nxf4 15. Rxf4 exf4 16. Ndf3 Bg7 17. Bxg7 Kxg7 18. Qd4+ Kg8 19. e5 a5 20. b5 b6 21. e6 Be8 22. Bd3 Nc8 23. e7 Qxe7 24. Re1 Qg7 25. Qxg7+ Kxg7 26. Ne6+ Kg8 27. Nxf8 Kxf8 28. Ng5 Bd7 29. Nxh7+ Kg7 30. Ng5 Kf6 31. Nh7+ Kg7 32. Ng5 Kf6 33. Nh3 f3 34. g3 Ne7 35. Kf2 Rg8 36. Kxf3 Rg7 37. Kf4 Ng8 38. Nf2 Re7 39. Rxe7 Nxe7 40. Be2 Bxb5 41. cxb5 Nxd5+ 42. Kf3 g5 43. hxg5+ Kxg5 44. Bc4 Ne7 45. Ke3 a4 46. Kd4 Kf6 47. Bd5 Ng6 48. Nd3 Kg5 49. Bf3 a3 50. Kd5 Nf8 51. Nf4 1-0

[Event "Alcobendas Open"]
[Site "Alcobendas"]
[Date "1994.??.??"]
[Round "6"]
[White "Franco Ocampos, Zenon"]
[Black "Nogueiras, Jesus"]
[Result "0-1"]
[WhiteElo "2475"]
[BlackElo "2550"]
[PlyCount "58"]
[EventDate "1994.11.??"]
[Source "www.chesslib.no"]
[SourceDate "2004.05.04"]

1. Nf3 g6 2. e4 d6 3. c4 Bg7 4. d4 Bg4 5. Be2 Nc6 6. Nbd2 Nf6 7. d5 Nb8 8. O-O Bxf3 9. Bxf3 O-O 10. Qb3 Qc8 11. c5 Nbd7 12. cxd6 exd6 13. Nc4 Re8 14. Qc2 b5 15. Na5 Nc5 16. Be3 Ncxe4 17. Rfd1 Qf5 18. Rd4 Nc5 19. Qd1 Nfe4 20. Bg4 Qf6 21. Rc1 h5 22. Be2 a6 23. b4 Na4 24. Bd3 Nb2 25. Qe2 Nxd3 26. Qxd3 Qf5 27. a4 Nf6 28. Qd1 Ng4 29. axb5 Rxe3 0-1

[Event "Paks Cup GM"]
[Site "Paks"]
[Date "2004.08.23"]
[Round "3"]
[White "Polak, Tomas"]
[Black "Nevednichy, Vladislav"]
[Result "1/2-1/2"]
[WhiteElo "2482"]
[BlackElo "2538"]
[PlyCount "37"]
[EventDate "2004.08.21"]
[Source "Roberto Alvarez"]
[SourceDate "2004.09.15"]

1. d4 g6 2. c4 Bg7 3. Nf3 d6 4. e4 Bg4 5. Be2 Nc6 6. Be3 Bxf3 7. Bxf3 e5 8. d5 Nd4 9. Bxd4 exd4 10. Nd2 Ne7 11. O-O O-O 12. Qb3 Qd7 13. g3 c5 14. Bg2 Rab8 15. f4 b5 16. Qd3 Nc8 17. b3 a6 18. a4 bxc4 19. Nxc4 1/2-1/2

[Event "HUN"]
[Site "HUN"]
[Date "1978.??.??"]
[Round "?"]
[White "Vadasz, Laszlo"]
[Black "Adorjan, Andras"]
[Result "0-1"]
[WhiteElo "2505"]
[BlackElo "2515"]
[PlyCount "72"]
[EventDate "1978.??.??"]
[Source "www.chesslib.no"]
[SourceDate "2004.05.04"]

1. Nf3 g6 2. e4 Bg7 3. d4 d6 4. c4 Bg4 5. Be2 Nc6 6. Nbd2 e5 7. d5 Nce7 8. Qb3 b6 9. Nxe5 Bxe2 10. Qa4+ b5 11. Qxb5+ Kf8 12. Nd7+ Ke8 13. Nf6+ Kf8 14. Nxg8 Nf5 15. exf5 Rb8 16. Qxb8 Qxb8 17. Kxe2 Rxg8 18. Re1 Ke7 19. fxg6 hxg6 20. Kf1+ Kd7 21. Ne4 Re8 22. c5 Qb5+ 23. Kg1 dxc5 24. Bh6 Bd4 25. Rad1 Qxb2 26. Bc1 Qb6 27. d6 Re6 28. dxc7 Kxc7 29. Bf4+ Kc6 30. h4 Qb2 31. Bg3 Qxa2 32. Kh2 a5 33. f3 a4 34. Rd2 Qb3 35. Rc1 Be3 36. Nxc5 Bxc5 0-1

[Event "ISR-ch rap"]
[Site "?"]
[Date "2003.08.30"]
[Round "7"]
[White "Golod Vitali"]
[Black "Finkel Alexander"]
[Result "1/2-1/2"]
[WhiteElo "2555"]
[BlackElo "2458"]
[PlyCount "77"]
[EventDate "2003.??.??"]
[Source "www.chesslib.no"]
[SourceDate "2004.05.04"]

1. Nf3 g6 2. d4 d6 3. c4 Bg7 4. e4 Bg4 5. Be2 Nc6 6. Nbd2 e5 7. d5 Nce7 8. h3 Bc8 9. Qc2 Nf6 10. c5 O-O 11. Nc4 Ne8 12. O-O f5 13. cxd6 cxd6 14. exf5 gxf5 15. Rd1 Nf6 16. Qb3 Kh8 17. Qa3 Ne8 18. Bg5 Bf6 19. Ncxe5 dxe5 20. d6 Ng6 21. d7 Bxd7 22. Nxe5 Bxe5 23. Bxd8 Rxd8 24. Bb5 Nf6 25. Bxd7 Nxd7 26. Qxa7 Ra8 27. Qxb7 Nc5 28. Qb5 Ne4 29. Rd7 Rab8 30. Rb7 Rbd8 31. Rd7 Rb8 32. Qd5 Rxb2 33. Rd8 Rxd8 34. Qxd8+ Kg7 35. Qd7+ Kf6 36. Rf1 Rxa2 37. Qd8+ Kg7 38. Qd7+ Kf6 39. Qd8+ 1/2-1/2

[Event "Oberliga Baden 0001"]
[Site "?"]
[Date "2000.12.10"]
[Round "3.1"]
[White "Ikonnikov Vyacheslav"]
[Black "Ivanov Michail"]
[Result "1/2-1/2"]
[WhiteElo "2548"]
[BlackElo "2461"]
[PlyCount "80"]
[EventDate "2000.??.??"]
[Source "www.chesslib.no"]
[SourceDate "2004.05.04"]

1. d4 d6 2. Nf3 g6 3. c4 Bg7 4. e4 Bg4 5. Be2 Nc6 6. Be3 Bxf3 7. Bxf3 e5 8. d5 Nd4 9. Nc3 Ne7 10. Nb5 Nxf3+ 11. Qxf3 c6 12. Nc3 cxd5 13. cxd5 Qd7 14. O-O O-O 15. Qe2 a6 16. Rfc1 Rfc8 17. Rc2 f5 18. f3 Bf6 19. Rac1 f4 20. Bf2 g5 21. b3 Kf7 22. Na4 Rxc2 23. Rxc2 Rc8 24. Nb6 Rxc2 25. Qxc2 Qd8 26. h3 h5 27. a4 Ng8 28. Qc3 Be7 29. Qb4 g4 30. hxg4 hxg4 31. fxg4 Nf6 32. g5 Ng4 33. Nc4 Qh8 34. Nxd6+ Bxd6 35. Qxd6 Qh2+ 36. Kf1 Qh1+ 37. Ke2 Qxg2 38. Qd7+ Kg6 39. Qf5+ Kg7 40. Qd7+ Kg6 1/2-1/2

[Event "Munich"]
[Site "Munich"]
[Date "1989.??.??"]
[Round "?"]
[White "Van der Sterren, Paul"]
[Black "Bischoff, Klaus"]
[Result "1/2-1/2"]
[WhiteElo "2500"]
[BlackElo "2505"]
[PlyCount "84"]
[EventDate "1989.04.??"]
[Source "ChessBase"]

1. d4 d6 2. Nf3 g6 3. c4 Bg7 4. e4 Bg4 5. Be2 Nc6 6. Be3 Nf6 7. Nc3 Nd7 8. Ng1 Bxe2 9. Ngxe2 O-O 10. O-O Nb6 11. b3 e6 12. d5 Ne5 13. h3 Re8 14. Rc1 Ned7 15. Qd2 Nf8 16. Bd4 Bxd4 17. Qxd4 Nbd7 18. f4 e5 19. Qe3 exf4 20. Rxf4 Ne5 21. Rcf1 a6 22. Kh1 Nfd7 23. Nd4 Qe7 24. Qg3 Kh8 25. Nf3 Nxf3 26. Qxf3 Ne5 27. Qg3 Qf8 28. Ne2 Re7 29. Qc3 Kg8 30. Nd4 Qg7 31. b4 Rae8 32. c5 h5 33. Nf3 Nd7 34. Qxg7+ Kxg7 35. Ng5 Ne5 36. Kg1 Ra8 37. Rf6 Rd7 38. a4 b6 39. c6 Re7 40. R6f2 h4 41. Rf4 Rh8 42. g3 hxg3 1/2-1/2